000 00806nam a22002057a 4500
999 _c19186
_d19186
003 AR-CdUCM
008 190516b ||||| |||| 00| 0 spa d
040 _aMUNICIPALIDAD PROVINCIAL DEL CUSCO
_cBIBLIOTECA MUNICIPAL DEL CUSCO
082 _a330.19 /
_bL29
100 _aLauterbach, Albert
_940375
245 _aFronteras psicológicas de la economía :
_bhombre, motivaciones y dinero /
260 _aBuenos Aires :
_bBibliografía Omeba,
_c1953.
300 _a284 páginas ;
_c24 cm.
505 _aContenido: La motivación en la actividad mercantil -- Como se negocia -- Inestabilidad socioeconómica e inseguridad personal ...
650 _aEconomía
_9382
650 _aPsicología
_91538
700 _aGore de Lerner, Alicia (traductora)
_940376
942 _2ddc
_cLIBROS
945 _aacv
_d2019-05-16